000 01042nam a2200217Ia 4500
001 5761
003 GE_BSU
008 181216s||||||||xx |||||||||||||| ||und||
040 _cGE_BSU
080 _a624.012.4(072)
100 _aი. ტაბატაძე, გ. ჯაფარიძე, ვ. ჩხეიძე
245 _aრკინაბეტონის კონსტრუქციების გაანგარიშების მაგალითები: მეთოდური მითითებები, ნაწ. 3
245 _cრედ. ე. გიორგიძე
260 _aთბილისი
260 _bსპი
260 _c1980
300 _a108 გვ. ნახაზ. 20სმ.
300 _eბიბლიოგრაფია გვ.105
653 _aრკინაბეტონის კონსტრუქციების გაანგარიშების მაგალითები: მეთოდური მითითებები
942 _cBK
999 _c39177
_d39177